[Event "Dubai Open 2019"]
[Site "Dubai UAE"]
[Date "2019.04.09"]
[Round "9"]
[White "Pichot, Alan"]
[Black "Le, Quang Liem"]
[Result "0-1"]
[WhiteElo "2584"]
[BlackElo "2715"]
[PlyCount "130"]
[EventDate "2019.04.01"]

1. e4 c5 2. Nf3 d6 3. d4 cxd4 4. Nxd4 Nf6 5. Nc3 a6 6. h3 e5 7. Nb3 Be6 8. f4
g6 9. Qf3 Nc6 10. Be3 exf4 11. Bxf4 Nh5 12. Bh2 Ne5 13. Qf2 Qf6 14. Qxf6 Nxf6
15. Nd4 Bh6 16. Nf3 Nxf3+ 17. gxf3 Ke7 18. Rd1 Rhd8 19. f4 d5 20. e5 Nh5 21.
Rd4 Rac8 22. Bd3 Ng7 23. Bg3 Ke8 24. Bh4 Rd7 25. Rh2 Nh5 26. Ne2 Bf8 27. Ra4
Rc6 28. Nd4 Rb6 29. Bb5 h6 30. c3 Rxb5 31. Nxb5 Nxf4 32. Rxf4 axb5 33. Bf2 g5
34. Rf3 b4 35. Kf1 Rc7 36. Bd4 Rc4 37. b3 Rc6 38. Rc2 h5 39. Kg2 Bc5 40. Bf2 g4
41. hxg4 hxg4 42. Rg3 Bf5 43. cxb4 Bxc2 44. Bxc5 Be4+ 45. Kf2 Bf3 46. a4 Kd7
47. Ke3 Rh6 48. Rg1 Rh2 49. Kf4 Ke6 50. b5 Rc2 51. b4 Rc4+ 52. Ke3 Kxe5 53. a5
d4+ 54. Kd2 Rc3 55. Re1+ Kd5 56. a6 bxa6 57. bxa6 Ra3 58. a7 g3 59. Kc2 Kc4 60.
Kb2 Rb3+ 61. Ka2 Rc3 62. Rd1 d3 63. Kb2 g2 64. Rd2 Rb3+ 65. Ka2 Rxb4 0-1

[Event "Chinese League (Division A) 2019"]
[Site "China"]
[Date "2019.04.09"]
[Round "1"]
[White "Andreikin, Dmitry"]
[Black "Liu, Qingnan"]
[Result "1-0"]
[WhiteElo "2721"]
[BlackElo "2543"]
[PlyCount "125"]
[EventDate "2019.04.09"]
[WhiteTeam "Chongqing Sports lottery chess team"]
[BlackTeam "Shandong Jingzhi team"]

1. e4 e5 2. Nf3 Nf6 3. Nxe5 d6 4. Nf3 Nxe4 5. Nc3 Nxc3 6. dxc3 Be7 7. Be3 Nc6
8. Qd2 Be6 9. O-O-O Qd7 10. a3 a6 11. h4 h6 12. Nd4 Nxd4 13. Bxd4 Rg8 14. c4 c5
15. Bc3 Qa4 16. g3 O-O-O 17. Bd3 h5 18. Rhe1 d5 19. cxd5 Rxd5 20. Qe3 g6 21.
Be4 Rxd1+ 22. Rxd1 Re8 23. Bxg6 Bg4 24. Bxf7 Bxd1 25. Kxd1 Rd8+ 26. Kc1 Bf8 27.
Bf6 Rd6 28. Be6+ Kc7 29. Be5 Qc6 30. Bxd6+ Bxd6 31. c3 Qe8 32. Qe4 b5 33. Qh7+
Kb6 34. Qf7 Qh8 35. f4 c4 36. Qg6 Qf8 37. Qxh5 Bxf4+ 38. gxf4 Qxf4+ 39. Kd1
Qf1+ 40. Kd2 Qf4+ 41. Ke1 Qg3+ 42. Ke2 Qh2+ 43. Kf3 Qxb2 44. Qe5 Qxa3 45. h5
Qf8+ 46. Qf4 Qa8+ 47. Kg3 Qh1 48. Qe3+ Ka5 49. h6 Qh5 50. Bg4 Qg6 51. Qd2 Qf6
52. h7 Qe5+ 53. Kh3 Qf6 54. Kg2 Qg7 55. Qa2+ Kb6 56. Qf2+ Ka5 57. Qh4 Qb7+ 58.
Bf3 Qg7+ 59. Bg4 Qh8 60. Bf5 Qg7+ 61. Qg3 Qh6 62. Qe5 Qd2+ 63. Kh3 1-0

[Event "Chinese League (Division A) 2019"]
[Site "China"]
[Date "2019.04.09"]
[Round "1"]
[White "Peng, Xiongjian"]
[Black "Jakovenko, Dmitry"]
[Result "1/2-1/2"]
[WhiteElo "2459"]
[BlackElo "2719"]
[PlyCount "77"]
[EventDate "2019.04.09"]
[WhiteTeam "Chongqing Jiulongpo Yucai Chess team"]
[BlackTeam "Hangzhou Bank Team"]

1. d4 Nf6 2. c4 e6 3. g3 d5 4. Bg2 Bb4+ 5. Bd2 Be7 6. Nf3 O-O 7. O-O c6 8. Qc2
b6 9. b3 Nbd7 10. Rd1 a5 11. Bc3 Ne4 12. Ne5 Nxe5 13. Bxe4 f5 14. Bg2 Ng4 15.
e3 Bb7 16. Bb2 Rc8 17. Nc3 Bd6 18. Qe2 Nf6 19. f3 c5 20. dxc5 Bxc5 21. Na4 Qe7
22. Rac1 Ba6 23. Nxc5 Qxc5 24. Bd4 Qb4 25. Bf1 a4 26. Qb2 axb3 27. Qxb3 Qxb3
28. axb3 dxc4 29. Bxf6 Rxf6 30. Bxc4 Bxc4 31. Rxc4 Rxc4 32. bxc4 e5 33. Rd5 Re6
34. Kf2 f4 35. gxf4 exf4 36. exf4 Rc6 37. Rd4 Rc5 38. Ke3 b5 39. cxb5 1/2-1/2

[Event "Chinese League (Division A) 2019"]
[Site "China"]
[Date "2019.04.09"]
[Round "1"]
[White "Wang, Hao"]
[Black "Malakhov, Vladimir"]
[Result "1-0"]
[WhiteElo "2726"]
[BlackElo "2667"]
[PlyCount "111"]
[EventDate "2019.04.09"]
[WhiteTeam "Guangdong Shenzhen Longgang Chess team"]
[BlackTeam "Zhihui Sports chess team of Tianjin"]

1. e4 e5 2. Nf3 Nc6 3. Bc4 Bc5 4. c3 Nf6 5. d3 h6 6. O-O d6 7. Nbd2 O-O 8. Re1
a6 9. a4 Ba7 10. h3 Re8 11. b4 Be6 12. Bxe6 Rxe6 13. Qc2 Ne7 14. Nf1 Qd7 15.
Ng3 d5 16. Bb2 Ng6 17. c4 d4 18. Bc1 c5 19. b5 a5 20. Qd1 Bb8 21. Nf5 Bd6 22.
Nh2 Bf8 23. Bd2 b6 24. Qf3 Rae8 25. Ng4 Nxg4 26. hxg4 Be7 27. g3 Nf8 28. Qe2
Rg6 29. f4 Nh7 30. Kf2 Bd6 31. Rh1 f6 32. Rh5 Bf8 33. Rah1 Qc8 34. Qf3 Qd7 35.
Ke2 Ng5 36. fxg5 fxg5 37. Bxg5 Rxg5 38. Rxg5 hxg5 39. Qf1 Re6 40. Qh3 Rh6 41.
Nxh6+ gxh6 42. Rf1 Bg7 43. Kf3 Qf7+ 44. Kg2 Qe6 45. Rf5 Bh8 46. Qh1 Bg7 47. Qd1
Bf6 48. Rf1 Kg7 49. Qf3 Kf7 50. Re1 Ke7 51. Qf5 Qg8 52. Rf1 Qh8 53. Rh1 Kf7 54.
Qd7+ Kg6 55. Rf1 Qf8 56. Qc7 1-0

[Event "Chinese League (Division A) 2019"]
[Site "China"]
[Date "2019.04.09"]
[Round "1"]
[White "Lin, Chen"]
[Black "Vidit, Santosh Gujrathi"]
[Result "1/2-1/2"]
[WhiteElo "2508"]
[BlackElo "2717"]
[PlyCount "61"]
[EventDate "2019.04.09"]
[WhiteTeam "Jiangsu team"]
[BlackTeam "China Mobil Shanghai Chess Club"]

1. e4 c5 2. Nf3 Nc6 3. c3 Nf6 4. e5 Nd5 5. d4 cxd4 6. cxd4 d6 7. Bc4 dxe5 8.
dxe5 Ndb4 9. Qxd8+ Nxd8 10. Na3 Be6 11. O-O Bxc4 12. Nxc4 Rc8 13. b3 e6 14. Rd1
Ndc6 15. Bb2 Be7 16. Nd4 Nxd4 17. Bxd4 Nc6 18. a4 O-O 19. Be3 Rfd8 20. Rac1 f6
21. exf6 gxf6 22. Kf1 Kf7 23. g4 e5 24. Ke2 Ke6 25. h3 Rxd1 26. Rxd1 Rh8 27. f4
exf4 28. Bxf4 h5 29. Kf3 hxg4+ 30. hxg4 Rd8 31. Ke4 1/2-1/2

[Event "Chinese League (Division A) 2019"]
[Site "China"]
[Date "2019.04.09"]
[Round "1"]
[White "Wei, Yi"]
[Black "Xu, Yi"]
[Result "1-0"]
[WhiteElo "2728"]
[BlackElo "2545"]
[PlyCount "99"]
[EventDate "2019.04.09"]
[WhiteTeam "Jiangsu team"]
[BlackTeam "China Mobil Shanghai Chess Club"]

1. b3 e5 2. Bb2 Nc6 3. e3 g6 4. f4 Bg7 5. Nf3 d6 6. fxe5 Nge7 7. Nc3 Nxe5 8.
Nxe5 dxe5 9. Bc4 Nf5 10. O-O Nd6 11. Ba3 O-O 12. Qf3 Kh8 13. Nb5 f5 14. Qd5
Nxb5 15. Bxf8 Qxf8 16. Qxb5 c6 17. Qa5 b6 18. Qc3 e4 19. d4 exd3 20. Qe1 Bxa1
21. Qxa1+ Qg7 22. Qd1 b5 23. Bxd3 Be6 24. Qf3 Bd5 25. Qf4 Re8 26. Qd4 Be4 27.
Rd1 Qxd4 28. exd4 Bxd3 29. Rxd3 Kg7 30. Kf2 Kf6 31. Rc3 Re6 32. b4 Rd6 33. Ke3
Ke6 34. Kd3 h6 35. Ra3 Rd7 36. c4 bxc4+ 37. Kxc4 f4 38. Ra6 Rc7 39. d5+ Kd7 40.
dxc6+ Rxc6+ 41. Rxc6 Kxc6 42. a4 g5 43. Kd4 g4 44. Ke4 f3 45. gxf3 gxf3 46.
Kxf3 Kd5 47. Kg4 Kc4 48. Kh5 Kxb4 49. Kxh6 Kxa4 50. h4 1-0

[Event "Chinese League (Division A) 2019"]
[Site "China"]
[Date "2019.04.09"]
[Round "1"]
[White "Xu, Minghui"]
[Black "Yu, Yangyi"]
[Result "0-1"]
[WhiteElo "2374"]
[BlackElo "2751"]
[PlyCount "74"]
[EventDate "2019.04.09"]
[WhiteTeam "Zhejiang team"]
[BlackTeam "Beijing team"]

1. d4 Nf6 2. c4 g6 3. Nc3 d5 4. Bf4 Bg7 5. e3 dxc4 6. Bxc4 O-O 7. Nf3 Nbd7 8.
O-O Nh5 9. Bg5 h6 10. Bh4 g5 11. Nd2 Ndf6 12. Bg3 Nxg3 13. hxg3 Bf5 14. Qb3 Rb8
15. a4 e6 16. Rfd1 c6 17. e4 Bg4 18. Nf3 Nd7 19. Be2 Qe7 20. Nh2 Bxe2 21. Nxe2
c5 22. Qa3 Rfe8 23. e5 cxd4 24. Qxe7 Rxe7 25. f4 f6 26. exf6 Nxf6 27. Nf3 Ne4
28. Ne5 Rd8 29. Ra3 Rc7 30. Rad3 Bxe5 31. fxe5 Rd5 32. Rxd4 Rxe5 33. Rd8+ Kg7
34. R1d7+ Rxd7 35. Rxd7+ Kf6 36. b4 Rd5 37. Rxb7 Rd2 0-1

[Event "Chinese League (Division A) 2019"]
[Site "China"]
[Date "2019.04.10"]
[Round "2"]
[White "Wen, Yang"]
[Black "Yu, Yangyi"]
[Result "0-1"]
[WhiteElo "2604"]
[BlackElo "2751"]
[PlyCount "82"]
[EventDate "2019.04.09"]
[WhiteTeam "Shandong Jingzhi team"]
[BlackTeam "Beijing team"]

1. e4 e6 2. d4 d5 3. Nd2 c5 4. Ngf3 cxd4 5. Nxd4 Nc6 6. Bb5 Bd7 7. Nxc6 bxc6 8.
Bd3 Qc7 9. Qe2 Ne7 10. Nf3 Ng6 11. O-O Be7 12. Re1 O-O 13. e5 f5 14. c4 c5 15.
cxd5 exd5 16. e6 Bc6 17. Qc2 d4 18. Bxf5 Bxf3 19. gxf3 Nh4 20. Bxh7+ Kh8 21.
Be4 Qe5 22. f4 Nf3+ 23. Bxf3 Qxe1+ 24. Kg2 Qxe6 25. f5 Qe5 26. Bxa8 Rxa8 27.
Qd3 c4 28. Qf3 Rf8 29. Bd2 Rxf5 30. Re1 Qxh2+ 31. Kxh2 Rxf3 32. Kg2 Rd3 33. Bf4
Bf6 34. Re8+ Kh7 35. Ra8 Kg6 36. Rxa7 Kf5 37. Bg3 Rd2 38. Rc7 Rc2 39. a4 d3 40.
a5 d2 41. Rd7 Rxb2 0-1

[Event "Chinese League (Division A) 2019"]
[Site "China"]
[Date "2019.04.10"]
[Round "2"]
[White "Vidit, Santosh Gujrathi"]
[Black "Liu, Guanchu"]
[Result "1-0"]
[WhiteElo "2717"]
[BlackElo "2466"]
[PlyCount "77"]
[EventDate "2019.04.09"]
[WhiteTeam "China Mobil Shanghai Chess Club"]
[BlackTeam "Chengdu Beilei Youth Chess Club"]

1. d4 Nf6 2. c4 e6 3. Nc3 Bb4 4. e3 b6 5. Nge2 Ba6 6. a3 Be7 7. Nf4 d5 8. cxd5
Bxf1 9. Kxf1 Nxd5 10. Ncxd5 exd5 11. Bd2 O-O 12. g3 c6 13. Rc1 Bd6 14. Bb4 a5
15. Bxd6 Qxd6 16. Qa4 Rc8 17. Kg2 Nd7 18. Rc3 b5 19. Qc2 Nb6 20. Rc1 Nc4 21. a4
bxa4 22. Qxa4 Nxb2 23. Rxc6 Rxc6 24. Qxc6 Qxc6 25. Rxc6 a4 26. Nxd5 a3 27. Nb4
f5 28. Na2 Rb8 29. d5 Rb5 30. d6 Kf7 31. Rc3 Ra5 32. Rc7+ Ke6 33. Rxg7 Kxd6 34.
Rxh7 Nc4 35. Rh4 Ne5 36. Rd4+ Ke6 37. e4 Rb5 38. exf5+ Kxf5 39. Ra4 1-0

[Event "Chinese League (Division A) 2019"]
[Site "China"]
[Date "2019.04.10"]
[Round "2"]
[White "Wang, Yue"]
[Black "Wei, Yi"]
[Result "1/2-1/2"]
[WhiteElo "2684"]
[BlackElo "2728"]
[PlyCount "60"]
[EventDate "2019.04.09"]
[WhiteTeam "Zhihui Sports chess team of Tianjin"]
[BlackTeam "Jiangsu team"]

1. d4 Nf6 2. c4 e6 3. Nc3 Bb4 4. e3 O-O 5. Bd3 d5 6. Nf3 dxc4 7. Bxc4 c5 8. O-O
cxd4 9. exd4 b6 10. Bg5 Bb7 11. Rc1 Nc6 12. a3 Be7 13. Ba2 Rc8 14. Re1 h6 15.
Bh4 Nh5 16. Bg3 Nxg3 17. hxg3 Bf6 18. d5 Bxc3 19. Rxc3 exd5 20. Bxd5 Rc7 21.
Ree3 Re7 22. Red3 Qe8 23. b4 Ne5 24. Bxb7 Rxb7 25. Re3 Qd8 26. Qxd8 Nxf3+ 27.
gxf3 Rxd8 28. f4 Kf8 29. Kg2 Re7 30. Kf3 g6 1/2-1/2

[Event "Chinese League (Division A) 2019"]
[Site "China"]
[Date "2019.04.10"]
[Round "2"]
[White "Ma, Qun"]
[Black "Wang, Hao"]
[Result "1/2-1/2"]
[WhiteElo "2630"]
[BlackElo "2726"]
[PlyCount "61"]
[EventDate "2019.04.09"]
[WhiteTeam "Hangzhou Bank Team"]
[BlackTeam "Guangdong Shenzhen Longgang Chess team"]

1. Nf3 d5 2. d4 Nf6 3. c4 e6 4. Nc3 Be7 5. Bf4 O-O 6. e3 c5 7. dxc5 Bxc5 8.
cxd5 Nxd5 9. Nxd5 exd5 10. a3 Nc6 11. Bd3 Bb6 12. O-O d4 13. exd4 Nxd4 14. Be5
g6 15. Bxd4 Bxd4 16. Bxg6 Bxf2+ 17. Kxf2 hxg6 18. Qxd8 Rxd8 19. Rac1 Bd7 20.
Rc7 Bc6 21. g4 f6 22. Re1 Rac8 23. Rxc8 Rxc8 24. Nd4 Kf7 25. Nxc6 Rxc6 26. h4
a5 27. Re4 Rc2+ 28. Re2 Rc6 29. Re4 Rc2+ 30. Re2 Rc6 31. Re4 1/2-1/2

[Event "Chinese League (Division A) 2019"]
[Site "China"]
[Date "2019.04.10"]
[Round "2"]
[White "Jakovenko, Dmitry"]
[Black "Xu, Yinglun"]
[Result "1-0"]
[WhiteElo "2719"]
[BlackElo "2532"]
[PlyCount "57"]
[EventDate "2019.04.09"]
[WhiteTeam "Hangzhou Bank Team"]
[BlackTeam "Guangdong Shenzhen Longgang Chess team"]

1. e4 c5 2. Nf3 d6 3. d4 cxd4 4. Nxd4 Nf6 5. Nc3 a6 6. f3 e6 7. Be3 b5 8. Qd2
Nbd7 9. g4 h6 10. a3 Bb7 11. O-O-O Rc8 12. h4 d5 13. Rg1 dxe4 14. g5 hxg5 15.
hxg5 Nd5 16. Nxe4 g6 17. Bf2 b4 18. axb4 Bxb4 19. c3 Be7 20. Kb1 Rh2 21. Bd3
Nc5 22. Rh1 Qc7 23. Bc2 Nxe4 24. fxe4 Nb6 25. Rxh2 Qxh2 26. Nf3 Qc7 27. Bxb6
Qxb6 28. Ne5 Qb5 29. Qf4 1-0

[Event "Chinese League (Division A) 2019"]
[Site "China"]
[Date "2019.04.10"]
[Round "2"]
[White "Andreikin, Dmitry"]
[Black "Nie, Xinyang"]
[Result "1-0"]
[WhiteElo "2721"]
[BlackElo "2346"]
[PlyCount "61"]
[EventDate "2019.04.09"]
[WhiteTeam "Chongqing Sports lottery chess team"]
[BlackTeam "Chongqing Jiulongpo Yucai Chess team"]

1. e4 e6 2. Nc3 d5 3. d4 Bb4 4. e5 c5 5. a3 Bxc3+ 6. bxc3 Qa5 7. Bd2 Qa4 8. h4
Ne7 9. h5 h6 10. Nf3 b6 11. Rh4 c4 12. Rg4 Rg8 13. Rf4 Nd7 14. Nh4 Bb7 15. g3
Rf8 16. Qg4 Qxc2 17. Qxg7 O-O-O 18. Rc1 Qb2 19. Rxf7 Rxf7 20. Qxf7 Nc6 21. Qxe6
Na5 22. Qxh6 Nb3 23. Rd1 Qxa3 24. Bh3 Nxd2 25. Qxd2 Kb8 26. Qg5 Qxc3+ 27. Kf1
Kc7 28. e6 Qc2 29. Re1 Qd3+ 30. Kg1 Re8 31. exd7 1-0

[Event "Chinese League (Division A) 2019"]
[Site "China"]
[Date "2019.04.11"]
[Round "3"]
[White "Wang, Hao"]
[Black "Andreikin, Dmitry"]
[Result "1-0"]
[WhiteElo "2726"]
[BlackElo "2721"]
[PlyCount "119"]
[EventDate "2019.04.09"]
[WhiteTeam "Guangdong Shenzhen Longgang Chess team"]
[BlackTeam "Chongqing Sports lottery chess team"]

1. e4 c5 2. Nf3 e6 3. d4 cxd4 4. Nxd4 Nc6 5. Nc3 Qc7 6. g3 a6 7. Bg2 Nf6 8. O-O
Be7 9. Re1 O-O 10. Nxc6 dxc6 11. e5 Rd8 12. Qf3 Nd5 13. h4 Bd7 14. Bg5 Bxg5 15.
hxg5 Nxc3 16. Qxc3 Be8 17. Rad1 a5 18. a3 Rab8 19. Qc5 b6 20. Qe3 c5 21. Qf4
Rxd1 22. Rxd1 b5 23. Rd6 b4 24. Qd2 g6 25. Be4 c4 26. axb4 axb4 27. Qd4 Kg7 28.
Kg2 c3 29. b3 Qa5 30. Kh2 Qc7 31. Bf3 Kg8 32. Kg2 Qa5 33. Qf4 Qc5 34. g4 Qa7
35. Qd4 Qa5 36. Kg3 Qc7 37. Qf4 Qa5 38. Qf6 Qc5 39. Be4 Bb5 40. Qf4 Qc7 41. Qe3
Be8 42. Qd4 Qa5 43. Kg2 Bb5 44. Kh2 Be8 45. f4 Qa1 46. Qd1 Qa7 47. Qg1 Qa5 48.
Kg3 Kg7 49. Kf3 Bb5 50. Qh1 Re8 51. Rd1 Kg8 52. Qh6 Qa6 53. Rh1 Bc6 54. Qxh7+
Kf8 55. Qh8+ Ke7 56. Qf6+ Kd7 57. Qxf7+ Kc8 58. Qxg6 Kb8 59. Bxc6 Rd8 60. Qe4
1-0

[Event "Chinese League (Division A) 2019"]
[Site "China"]
[Date "2019.04.11"]
[Round "3"]
[White "Yu, Ruiyuan"]
[Black "Jakovenko, Dmitry"]
[Result "0-1"]
[WhiteElo "2479"]
[BlackElo "2719"]
[PlyCount "132"]
[EventDate "2019.04.09"]
[WhiteTeam "Jiangsu team"]
[BlackTeam "Hangzhou Bank Team"]

1. e4 c5 2. Nf3 e6 3. d4 cxd4 4. Nxd4 a6 5. c4 Nf6 6. Nc3 Bb4 7. Qc2 Qc7 8. a3
Bc5 9. Nb3 Be7 10. Be2 d6 11. Be3 Nbd7 12. Rc1 b6 13. O-O Bb7 14. f3 Rc8 15.
Rfd1 Qb8 16. Bf1 O-O 17. Qf2 Rfe8 18. Nd4 Bd8 19. g3 h5 20. b3 Bc7 21. Bg2 Ba8
22. Kh1 Ne5 23. Qe2 Ng6 24. Qd2 Bb7 25. Nde2 Bc6 26. Nd4 Bb7 27. Nde2 Nf8 28.
Bf4 Rcd8 29. Bg5 N8h7 30. Bxf6 Nxf6 31. Qg5 d5 32. cxd5 exd5 33. Nd4 Be5 34.
exd5 Nxd5 35. Ne4 Ne7 36. Nf5 Nxf5 37. Qxf5 Bxe4 38. fxe4 g6 39. Qf1 h4 40.
gxh4 Bxh2 41. Rxd8 Rxd8 42. Rd1 Bg3 43. Rd5 Rxd5 44. exd5 Qd8 45. Kg1 Qxh4 46.
Qxa6 Bf2+ 47. Kf1 Bc5 48. Qe2 Qf4+ 49. Bf3 Bxa3 50. Qd3 Bc5 51. Ke2 Qe5+ 52.
Kd2 Kf8 53. Kc2 Ke7 54. Qc4 Qf5+ 55. Be4 Qf2+ 56. Kc3 Qe3+ 57. Kc2 b5 58. d6+
Bxd6 59. Qd5 b4 60. Qb7+ Kf6 61. Bd5 Qe7 62. Qa8 Qe2+ 63. Kb1 Qd3+ 64. Kc1 Bf4+
65. Kb2 Qd2+ 66. Kb1 Qd1+ 0-1

[Event "Chinese League (Division A) 2019"]
[Site "China"]
[Date "2019.04.11"]
[Round "3"]
[White "Wei, Yi"]
[Black "Bai, Jinshi"]
[Result "1-0"]
[WhiteElo "2728"]
[BlackElo "2604"]
[PlyCount "47"]
[EventDate "2019.04.09"]
[WhiteTeam "Jiangsu team"]
[BlackTeam "Hangzhou Bank Team"]

1. e4 e5 2. Nf3 Nf6 3. Nxe5 d6 4. Nf3 Nxe4 5. Nc3 Nxc3 6. dxc3 Be7 7. Be3 O-O
8. Qd2 Nd7 9. O-O-O Nf6 10. Bd3 c5 11. Kb1 Qa5 12. a3 b5 13. Rhe1 c4 14. Bd4
Bd8 15. Bxf6 Bxf6 16. Be4 Rb8 17. Qxd6 Bg4 18. Qf4 Bxf3 19. Qxf3 Qb6 20. Rd7
Rfd8 21. Bxh7+ Kf8 22. Rxf7+ Kxf7 23. Qh5+ Kf8 24. Bg6 1-0

[Event "Chinese League (Division A) 2019"]
[Site "China"]
[Date "2019.04.11"]
[Round "3"]
[White "Xu, Minghui"]
[Black "Vidit, Santosh Gujrathi"]
[Result "0-1"]
[WhiteElo "2374"]
[BlackElo "2717"]
[PlyCount "66"]
[EventDate "2019.04.09"]
[WhiteTeam "Zhejiang team"]
[BlackTeam "China Mobil Shanghai Chess Club"]

1. d4 d6 2. e4 Nf6 3. Nc3 e5 4. Nf3 Nbd7 5. Bc4 Be7 6. O-O O-O 7. Re1 c6 8. a4
h6 9. a5 Re8 10. h3 Bf8 11. Be3 exd4 12. Bxd4 Qc7 13. Qb1 Ne5 14. Nxe5 dxe5 15.
Be3 Bb4 16. a6 b5 17. Bd3 Nd7 18. Bd2 Qd8 19. Re3 Nc5 20. Rg3 Qh4 21. Qc1 Kh8
22. Be3 Nxa6 23. Nb1 Bf8 24. Nd2 Nc5 25. Nf3 Qf6 26. b4 Ne6 27. Qb2 Nf4 28. Nh2
a6 29. Ng4 Bxg4 30. Rxg4 Qd6 31. Bxf4 exf4 32. Qb3 Qe5 33. Rd1 h5 0-1

[Event "Chinese League (Division A) 2019"]
[Site "China"]
[Date "2019.04.11"]
[Round "3"]
[White "Yu, Yangyi"]
[Black "Inarkiev, Ernesto"]
[Result "1/2-1/2"]
[WhiteElo "2751"]
[BlackElo "2692"]
[PlyCount "68"]
[EventDate "2019.04.09"]
[WhiteTeam "Beijing team"]
[BlackTeam "Hangzhou Hongda team"]

1. e4 e5 2. Nf3 Nc6 3. Bb5 a6 4. Ba4 Nf6 5. O-O Be7 6. Bxc6 dxc6 7. d3 Nd7 8.
Nc3 Bd6 9. Ne2 c5 10. Nd2 Nb8 11. Nc4 Be6 12. Nxd6+ cxd6 13. f4 f6 14. Be3 Nc6
15. fxe5 Nxe5 16. Nf4 Qd7 17. Qe1 O-O 18. Qg3 f5 19. Nh5 Ng6 20. exf5 Bxf5 21.
h3 Rae8 22. Rae1 b6 23. a3 d5 24. b4 d4 25. Bg5 Rxe1 26. Rxe1 h6 27. Bd2 Kh7
28. bxc5 bxc5 29. Kh2 Rf7 30. Rf1 Qd5 31. Nf4 Nxf4 32. Bxf4 Bg6 33. Rf2 c4 34.
dxc4 Qxc4 1/2-1/2

[Event "Chinese League (Division A) 2019"]
[Site "China"]
[Date "2019.04.12"]
[Round "4"]
[White "Vidit, Santosh Gujrathi"]
[Black "Yu, Yangyi"]
[Result "1/2-1/2"]
[WhiteElo "2717"]
[BlackElo "2751"]
[PlyCount "60"]
[EventDate "2019.04.09"]

1. e4 e5 2. Nf3 Nc6 3. Bb5 Nf6 4. O-O Nxe4 5. Re1 Nd6 6. Nxe5 Be7 7. Bf1 Nf5 8.
Nf3 O-O 9. d4 d5 10. c3 Bd6 11. Nbd2 Re8 12. Bd3 Rxe1+ 13. Qxe1 Qe7 14. Qxe7
Nfxe7 15. Nf1 Bf5 16. Be2 Re8 17. Ne3 Bd7 18. Bd3 f6 19. h4 Nd8 20. g3 Nf7 21.
Bd2 c6 22. Re1 b6 23. Nf5 Nxf5 24. Rxe8+ Bxe8 25. Bxf5 g6 26. Bh3 Kf8 27. Kf1
Ke7 28. Ke2 Bd7 29. Bxd7 Kxd7 30. Ne1 Ke6 1/2-1/2

[Event "Chinese League (Division A) 2019"]
[Site "China"]
[Date "2019.04.12"]
[Round "4"]
[White "Jakovenko, Dmitry"]
[Black "Zhao, Yuanhe"]
[Result "1/2-1/2"]
[WhiteElo "2719"]
[BlackElo "2430"]
[PlyCount "89"]
[EventDate "2019.04.09"]

1. Nf3 Nf6 2. c4 c6 3. d4 d5 4. Nc3 e6 5. e3 Nbd7 6. Qc2 Bd6 7. b3 O-O 8. Be2
e5 9. Bb2 dxc4 10. bxc4 exd4 11. exd4 Re8 12. O-O Nf8 13. h3 Ng6 14. Rfe1 Bd7
15. c5 Bc7 16. Bc4 Nf4 17. Ng5 Be6 18. Nxe6 Nxe6 19. Ne4 Nd5 20. Rad1 Ng5 21.
Nxg5 Qxg5 22. Qb3 b5 23. cxb6 axb6 24. Bf1 h5 25. Qf3 h4 26. Rxe8+ Rxe8 27. Bc4
Re6 28. Bxd5 cxd5 29. Bc1 Qe7 30. Be3 Qd6 31. Kf1 Re4 32. Qf5 g6 33. Qc8+ Qd8
34. Qxd8+ Bxd8 35. Rb1 Re6 36. Ke2 f6 37. Kd3 Kf7 38. Rb3 Re7 39. Ra3 Rc7 40.
Ra8 Be7 41. Ra6 Rc6 42. Bd2 Ke6 43. a4 Kd7 44. Ra7+ Rc7 45. Rxc7+ 1/2-1/2

[Event "Chinese League (Division A) 2019"]
[Site "China"]
[Date "2019.04.12"]
[Round "4"]
[White "Andreikin, Dmitry"]
[Black "Yu, Ruiyuan"]
[Result "1-0"]
[WhiteElo "2721"]
[BlackElo "2479"]
[PlyCount "57"]
[EventDate "2019.04.09"]

1. e4 c6 2. Nf3 d5 3. d3 dxe4 4. dxe4 Qxd1+ 5. Kxd1 Nd7 6. Bd3 Ngf6 7. Ke2 Nc5
8. Nc3 g6 9. Be3 Nxd3 10. cxd3 Bg7 11. Rhc1 O-O 12. b4 Ng4 13. Bd4 f5 14. Bxg7
Kxg7 15. a4 fxe4 16. Nxe4 Nf6 17. Ne5 Nxe4 18. dxe4 Be6 19. a5 Kf6 20. f4 g5
21. g3 gxf4 22. gxf4 a6 23. Ke3 Rab8 24. Rg1 Rg8 25. Rac1 h5 26. Nd3 Rbe8 27.
f5 Bc8 28. Kf4 e5+ 29. Nxe5 1-0

[Event "Chinese League (Division A) 2019"]
[Site "China"]
[Date "2019.04.12"]
[Round "4"]
[White "Zhou, Weiqi"]
[Black "Wei, Yi"]
[Result "0-1"]
[WhiteElo "2588"]
[BlackElo "2728"]
[PlyCount "82"]
[EventDate "2019.04.09"]

1. d4 Nf6 2. c4 e6 3. Nf3 b6 4. a3 Bb7 5. Nc3 g6 6. d5 Bg7 7. e4 O-O 8. Be2 d6
9. Nd4 Re8 10. O-O exd5 11. exd5 Ne4 12. Nxe4 Rxe4 13. Nf3 Nd7 14. Qc2 Nc5 15.
Bg5 Qe8 16. Rae1 Qa4 17. Qxa4 Nxa4 18. b3 Nb2 19. Bd3 Rxe1 20. Nxe1 b5 21. cxb5
Bxd5 22. Bc2 a6 23. bxa6 Rxa6 24. a4 Be6 25. Nf3 Rc6 26. Rc1 Nxa4 27. bxa4 Bb2
28. Rb1 Rxc2 29. Ne1 Ba2 30. Nxc2 Bxb1 31. Nb4 f6 32. Be3 c5 33. Nd5 Kf7 34. a5
Be4 35. Nb6 Bd3 36. Nd5 g5 37. f3 Bb5 38. h4 gxh4 39. Kh2 Bc6 40. Nb6 Bc3 41.
a6 Ba5 0-1

[Event "Chinese League (Division A) 2019"]
[Site "China"]
[Date "2019.04.12"]
[Round "4"]
[White "Naiditsch, Arkadij"]
[Black "Wang, Hao"]
[Result "1/2-1/2"]
[WhiteElo "2695"]
[BlackElo "2726"]
[PlyCount "60"]
[EventDate "2019.04.09"]

1. e4 e5 2. Nf3 Nf6 3. Nxe5 d6 4. Nf3 Nxe4 5. d4 d5 6. Bd3 Bd6 7. O-O O-O 8. c4
c6 9. Re1 Bf5 10. Qb3 Qd7 11. Nc3 Nxc3 12. Bxf5 Qxf5 13. bxc3 b6 14. Bg5 dxc4
15. Qxc4 b5 16. Qb3 Nd7 17. Be7 Bxe7 18. Rxe7 Rae8 19. Rae1 Nf6 20. h3 Rxe7 21.
Rxe7 Nd5 22. Rxa7 Nf4 23. Qd1 Qg6 24. g3 Nxh3+ 25. Kf1 Qe4 26. Qe2 Qd5 27. Qe3
h6 28. Re7 Ng5 29. Nxg5 hxg5 30. Re8 Qxa2 1/2-1/2

[Event "GAMMA Reykjavik Open 2019"]
[Site "Reykjavik ISL"]
[Date "2019.04.08"]
[Round "1"]
[White "Jones, Gawain C B"]
[Black "Deglmann, Ludwig"]
[Result "1-0"]
[WhiteElo "2698"]
[BlackElo "2275"]
[PlyCount "59"]
[EventDate "2019.04.08"]

1. e4 e6 2. d4 d5 3. Nd2 Nf6 4. e5 Nfd7 5. Bd3 c5 6. c3 Nc6 7. Ne2 cxd4 8. cxd4
f6 9. exf6 Nxf6 10. Nf3 Bd6 11. O-O Qc7 12. Bg5 O-O 13. Rc1 Bd7 14. Re1 Rac8
15. Nc3 Qb8 16. Bh4 Kh8 17. Bg3 Bxg3 18. hxg3 Qd6 19. Qd2 Ng4 20. Qg5 Nh6 21.
Qh4 Nf5 22. Bxf5 Rxf5 23. Re3 Rcf8 24. Rce1 R5f6 25. Ne5 Ne7 26. g4 Be8 27. Rh3
h5 28. Re2 Rf4 29. Qg3 Qb4 30. Nd3 1-0